Los gozos y las sombras

Kaydedildi:
Detaylı Bibliyografya
Yazar: Torrente Ballester, Gonzalo (Yazar)
Materyal Türü: Kitap
Dil:İspanyolca
Baskı/Yayın Bilgisi: Madrid Alianza 1971
Seri Bilgileri:El Libro de Bolsillo
Konular:
Etiketler: Etiketle
Etiket eklenmemiş, İlk siz ekleyin!

MARC

LEADER 00000nam a2200000 a 4500
001 UCQ8009
003 CL-VaPUC
008 981127e19710000SP |||||||||||||||||spa|d
082 0 4 |a 863  |b TOR  |2 21 
100 0 |a Torrente Ballester, Gonzalo  |e author  |9 322592 
245 1 4 |a Los gozos y las sombras 
300 |a 3 v 
942 |c BK 
945 |d 19981127 00:00:00  |a crobeson 
260 |a Madrid  |b Alianza  |c 1971 
500 |a v.1: El señor llega 
500 |a v.2: Donde la vuelta del aire 
500 |a v.3: La pascua triste 
650 0 |a Novelas españolas  |9 265052 
650 0 |a Literatura española  |9 306261 
583 |a last modification  |c 19981127 00:00:00  |k Rodrigo Vera 
490 0 |a El Libro de Bolsillo 
999 |c 277381  |d 277379 
952 |0 0  |1 0  |4 0  |6 863_000000000000000_TOR_1971  |7 0  |8 A  |9 315280  |a FDOPOS  |b FDOPOS  |d 2019-11-20  |h v.1  |i 149600K  |o 863 TOR 1971  |p 149600K  |r 2025-01-22  |w 2019-11-20  |y BK  |k MLH 
952 |0 0  |1 0  |4 0  |6 863_000000000000000_TOR_1971  |7 0  |8 A  |9 315281  |a FDOPOS  |b FDOPOS  |d 2019-11-20  |h v.2  |i 1496018  |o 863 TOR 1971  |p 1496018  |r 2025-01-22  |w 2019-11-20  |y BK  |k MLH 
952 |0 0  |1 0  |4 0  |6 863_000000000000000_TOR_1971  |7 0  |8 A  |9 315282  |a FDOPOS  |b FDOPOS  |d 2019-11-20  |h v.3  |i 1496026  |o 863 TOR 1971  |p 1496026  |r 2025-01-22  |w 2019-11-20  |y BK  |k MLH